000 00540nam a22002057a 4500
999 _c16433
_d16433
003 OSt
005 20170713115147.0
008 170713b xxu||||| |||| 00| 0 eng d
020 _a9780826478221
040 _aKABU
_bKABU
_cKABU
050 _aK 230
_b.I44 2006
100 _aIngram, David
245 _aLaw
_bKey concepts in philosophy
_cDavid Ingram
260 _aLondon
_bContinuum
_c2006
300 _ax,217p
650 _2Ingram David
_aphilosophy
650 _aMoral and ethical aspects
650 _aCivil law
942 _2lcc
_cBK